000 00300nam a22001337a 4500
008 190304b xxu||||| |||| 00| 0 eng d
020 _a9780791420270
041 _aeng
080 _a316
100 _a50
101 _aSOC
245 _aIssues in Evolutionary Ethics
_cThompson, P
942 _2udc
_cBK
999 _c54435
_d54435